000 01490nam a2200253 a 4500
008 120416s1992 ||||||||||||||||| || u
020 _a041508394X
050 _aGB 56 Bri
100 _aBriggs, David
245 1 0 _aFundamentals of the physical geography
260 _aLondon
_bRoutledge
_c1992
300 _a558p. : ill.
350 _a0.00
500 _aBibliography.
650 _aPHYSICAL GEOGRAPHY
650 _aENVIRONMENT
700 _aSmithson, Peter
995 _aMAIN LIBRARY OPEN ACCESS
_D0.00
_e729894
_FCBU-MAIN LIBRARY (Kitwe)
_H6
_I35.00
_jGB 56 Bri
_M6
_UAVAILABLE
_WAug 3, 2006
_y023853
_ZMain Library Open Access Collection
995 _aANNEX COLLECTION (Main Library)
_D0.00
_e729896
_FCBU-MAIN LIBRARY (Kitwe)
_H5
_I35.00
_jGB 56 Bri
_M5
_UAVAILABLE
_WJul 5, 2006
_y023948
_ZAnnex Low-Usage Collection
995 _aANNEX COLLECTION (Main Library)
_D0.00
_e739898
_FCBU-MAIN LIBRARY (Kitwe)
_H3
_I35.00
_jGB 56 Bri
_M3
_UAVAILABLE
_WJul 5, 2006
_y023949
_ZAnnex Low-Usage Collection
995 _aMAIN LIBRARY OPEN ACCESS
_D0.00
_e729899
_FCBU-MAIN LIBRARY (Kitwe)
_H4
_I35.00
_jGB 56 Bri
_M4
_UAVAILABLE
_WJul 5, 2006
_y023950
_ZMain Library Open Access Collection
995 _aMAIN LIBRARY OPEN ACCESS
_D0.00
_e736025
_FCBU-MAIN LIBRARY (Kitwe)
_H1
_I34.95
_jGB 56 Bri
_M1
_UAVAILABLE
_y38794
_ZMain Library Open Access Collection
995 _aMAIN LIBRARY OPEN ACCESS
_D0.00
_e729895
_FCBU-MAIN LIBRARY (Kitwe)
_H2
_I35.00
_jGB 56 Bri
_M2
_UAVAILABLE
_WMay 29, 2006
_y023947
_ZMain Library Open Access Collection
999 _c63384
_d63384